Miasta nad Wisłą - Statystyki

Ogólne statystyki
  • Ten quiz został rozwiązany 311 razy
  • Średni wynik to 14 z 45
Statystyki odpowiedzi
Miasto % Poprawnych
Warszawa
97%
Kraków
95%
Gdańsk
90%
Toruń
82%
Bydgoszcz
73%
Płock
72%
Sandomierz
60%
Wisła
59%
Włocławek
55%
Grudziądz
49%
Tczew
46%
Puławy
42%
Kazimierz Dolny
40%
Tarnobrzeg
35%
Nowy Dwór Mazowiecki
33%
Oświęcim
33%
Ustroń
30%
Otwock
27%
Dęblin
24%
Ciechocinek
21%
Józefów
21%
Niepołomice
20%
Chełmno
19%
Nowe
19%
Skawina
19%
Solec Kujawski
19%
Czechowice-Dziedzice
18%
Gniew
17%
Góra Kalwaria
16%
Skoczów
16%
Wyszogród
15%
Zawichost
13%
Nieszawa
12%
Zakroczym
12%
Baranów Sandomierski
10%
Dobrzyń nad Wisłą
10%
Bieruń
9%
Brzeszcze
9%
Opatowiec
9%
Strumień
9%
Józefów nad Wisłą
8%
Karczew
8%
Nowe Brzesko
8%
Połaniec
8%
Szczucin
8%
Nie znaleziono quizów pasujących do podanych kryteriów
Rozkład punktacji
Procent ludzi z każdym wynikiem
Percentyl według liczby udzielonych odpowiedzi
Twoja historia wyników
Nie rozwiązałeś tego quizu